00929nam a2200193 a 450000100100000000500170001000800410002702000180006804000250008610000350011124501080014626000540025430000200030850000630032895201110039195201110050295201050061399900170071800003850920201002031300.0130412s2012 dr 000 0 spa d a9789993439615 aDO-SdBNPbspacBNPHU1 aMelo Villalona, Orlando96486014aUna historia de vida :btestimonio de un adolscente que venció la leucemia /cOrlando Melo Villalona. aSanto Domingo :bLibrería la Trinitaria,c2012. a59 p. ;c22 cm. aIncluye datos biográficos del autor en la contracubierta 0010718DSaGRbGRcCTd2013-04-12iLF1l0o p38509-30r2020-06-25te. 3w2020-06-25yLFDSZNo se presta 0010718PDaPDbPDcCTd2013-04-12iLF1l0o p38509-10r2020-06-25te. 2w2020-06-25yLFPDZNo se presta 0010718PDaPDbPDcCTd2013-04-12iLF1l0o p38509-20r2020-06-25w2020-06-25yLFPDZNo se presta c37999d37999